Working growth (Record no. 112806)

MARC details
000 -LEADER
fixed length control field 01047cad a22002055a 4500
001 - CONTROL NUMBER
control field L154008
008 - FIXED-LENGTH DATA ELEMENTS--GENERAL INFORMATION
fixed length control field 111003s2011 xxk f 000 0 eng d
035 ## - SYSTEM CONTROL NUMBER
System control number (Sirsi) u154008
041 0# - LANGUAGE CODE
Language code of text/sound track or separate title eng
110 2# - MAIN ENTRY--CORPORATE NAME
Corporate name or jurisdiction name as entry element Berkeley Group
9 (RLIN) 5980
245 00 - TITLE STATEMENT
Title Working growth
Remainder of title delivering growth through localism
Medium [electronic resource]
260 ## - PUBLICATION, DISTRIBUTION, ETC.
Place of publication, distribution, etc. [S.l.]
Name of publisher, distributor, etc. [s.n.]
Date of publication, distribution, etc. [2011?]
520 ## - SUMMARY, ETC.
Summary, etc. Outlines recommendations of a group of housing experts on how the Localism agenda and the Plan for Growth can stimulate growth for housing, regeneration and employment opportunities. Contributions from Affinity Sutton, Planning Officers Society, Tower Hamlets, London Forum, City of Westminster and CBRE CB Richard Ellis. Provides practical guidance for practioners.
590 ## - LOCAL NOTE (RLIN)
Local note KA
650 24 - SUBJECT ADDED ENTRY--TOPICAL TERM
Topical term or geographic name entry element LOCALISM BILL
651 #4 - SUBJECT ADDED ENTRY--GEOGRAPHIC NAME
Geographic name England and Wales
Chronological subdivision 1543-
690 ## - LOCAL SUBJECT ADDED ENTRY--TOPICAL TERM (OCLC, RLIN)
Topical term or geographic name as entry element ENVIRONMENTAL AND LAND CONSULTANCY-PLANNING AND DEVELOPMENT
856 40 - ELECTRONIC LOCATION AND ACCESS
Uniform Resource Identifier <a href="https://www.berkeleygroup.co.uk/news/growth-and-localism">https://www.berkeleygroup.co.uk/news/growth-and-localism</a>
Public note View the item free of charge at www.berkeleygroup.co.uk
942 ## - ADDED ENTRY ELEMENTS (KOHA)
Suppress in OPAC 0
Holdings
Withdrawn status Lost status Source of classification or shelving scheme Damaged status Not for loan Home library Current library Shelving location Date acquired Total Checkouts Full call number Barcode Date last seen Copy number Price effective from Koha item type
    Dewey Decimal Classification     Virtual Virtual Online 03/10/2011   ONLINE PUBLICATION 154008-2001 06/08/2019 1 06/08/2019 Book